[Event "Politiken Cup 2007"]
[Site "Helsingor"]
[Date "2007.07.24"]
[Round "5.92"]
[White "Persson, Borje"]
[Black "Helmers, Wim"]
[Result "0-1"]
[WhiteElo "1804"]
[BlackElo "2142"]
[PlyCount "56"]
[EventDate "2007.??.??"]

1. e4 c5 2. Nf3 Nc6 3. d4 cxd4 4. Nxd4 Nf6 5. Nc3 d6 6. Bg5 e6 7. Qd2 Be7 8.
O-O-O O-O 9. f4 Nxd4 10. Qxd4 Qa5 11. Kb1 Rd8 12. Be2 Bd7 13. Qe3 Bc6 14. Bf3
h6 15. Bh4 Ng4 16. Qe1 Bxh4 17. Qxh4 Ne3 18. Rd3 Nc4 19. Ne2 Qb4 20. b3 Nd2+
21. Kb2 Bb5 22. Rd4 Nc4+ 23. Ka1 Rdc8 24. c3 Qa3 25. Rb1 Ne3 26. Rd2 Bxe2 27.
Rxe2 Rxc3 28. Qf2 Qc5 0-1

[Event "Politiken Cup 2007"]
[Site "Helsingor"]
[Date "2007.07.24"]
[Round "5.93"]
[White "Nielsen, Carsten Juul"]
[Black "Pieri, Enzo"]
[Result "1-0"]
[WhiteElo "2115"]
[BlackElo "1909"]
[PlyCount "64"]
[EventDate "2007.??.??"]

1. d4 d5 2. Nf3 g6 3. Bf4 Bg7 4. e3 Nf6 5. Bd3 Nbd7 6. h3 a6 7. Nbd2 c5 8. c3
c4 9. Bc2 b5 10. Qe2 Bb7 11. Ne5 Nf8 12. g4 Ne6 13. Qf3 Nxf4 14. Qxf4 O-O 15.
Qg3 Ne4 16. Nxe4 dxe4 17. g5 f6 18. gxf6 Rxf6 19. h4 Rf5 20. f4 Qd6 21. Qg2 Qd5
22. Ng4 Bf6 23. Nh6+ Kg7 24. Nxf5+ Qxf5 25. Bd1 h6 26. Bg4 Qd5 27. Qh3 Qd8 28.
Be6 Bd5 29. h5 g5 30. Qf5 Bxe6 31. Qxe6 Qd6 32. Qxe4 gxf4 1-0

[Event "Politiken Cup 2007"]
[Site "Helsingor"]
[Date "2007.07.24"]
[Round "5.94"]
[White "Palvig, David Kinch"]
[Black "Carnstam, Tomas"]
[Result "0-1"]
[WhiteElo "1741"]
[BlackElo "2091"]
[PlyCount "86"]
[EventDate "2007.??.??"]

1. d4 g6 2. Bf4 Bg7 3. Nf3 d6 4. e3 Nf6 5. Bd3 O-O 6. O-O Nbd7 7. c3 c6 8. a4
Qc7 9. Bg3 e5 10. dxe5 dxe5 11. Nbd2 Nh5 12. e4 Nc5 13. Bc2 Nxg3 14. hxg3 Bg4
15. Qe2 Qe7 16. Qe3 b5 17. a5 h6 18. b4 Nb7 19. Bb3 a6 20. Nh2 Be6 21. f3 c5
22. Bxe6 Qxe6 23. Ng4 h5 24. Nf2 c4 25. Ra2 Rfd8 26. Rd1 Rd6 27. Kf1 Rad8 28.
Ke2 Rd3 29. Nxd3 cxd3+ 30. Ke1 Qxa2 31. Qa7 Rd7 32. Qxa6 Nd6 33. Qc6 Qe6 34. a6
Bh6 35. Qa8+ Qe8 36. Qxe8+ Nxe8 37. Nb3 Be3 38. Ra1 d2+ 39. Kd1 Nd6 40. Nc5 Ra7
41. Ra2 Nc4 42. Nb7 Rxa6 43. Rxa6 Nb2+ 0-1

[Event "Politiken Cup 2007"]
[Site "Helsingor"]
[Date "2007.07.24"]
[Round "5.95"]
[White "Jørgensen, Carina Eilegaard"]
[Black "Lubbers, Johan"]
[Result "1-0"]
[WhiteElo "1726"]
[BlackElo "2077"]
[PlyCount "49"]
[EventDate "2007.??.??"]

1. e4 c5 2. Nf3 d6 3. d4 cxd4 4. Nxd4 Nf6 5. Nc3 g6 6. f3 Bg7 7. Bc4 O-O 8. Be3
Nc6 9. Qd2 Bd7 10. g4 Ne5 11. Bb3 Qa5 12. O-O-O Rfc8 13. h4 b5 14. h5 Nc4 15.
Bxc4 Rxc4 16. hxg6 fxg6 17. Bh6 Bxh6 18. Qxh6 Rxc3 19. g5 Rxc2+ 20. Nxc2 Nh5
21. Rxh5 gxh5 22. g6 hxg6 23. Qxg6+ Kf8 24. Rg1 Bg4 25. fxg4 1-0

[Event "Politiken Cup 2007"]
[Site "Helsingor"]
[Date "2007.07.24"]
[Round "5.97"]
[White "Markgraf, Claudia"]
[Black "Nordin, Eric"]
[Result "0-1"]
[WhiteElo "2049"]
[BlackElo "1843"]
[PlyCount "74"]
[EventDate "2007.??.??"]

1. e4 d6 2. d4 Nf6 3. Nc3 g6 4. f3 c6 5. Be3 Nbd7 6. Nge2 b5 7. g4 b4 8. Nb1
Ba6 9. Nd2 Bg7 10. Ng3 Qc8 11. a3 Bxf1 12. Ndxf1 Qb7 13. Qc1 c5 14. axb4 cxd4
15. Bxd4 Qxb4+ 16. c3 Qb5 17. Qc2 Ne5 18. Bxe5 Qxe5 19. Qf2 d5 20. Qc5 O-O 21.
h4 Rfc8 22. Qe3 dxe4 23. g5 Nd5 24. Qxe4 Nxc3 25. Qxe5 Bxe5 26. Ra5 Bc7 27. Ra6
Nd5 28. Ne4 Bb6 29. Ra4 Rc1+ 30. Kd2 Rac8 31. Nc3 Nxc3 32. bxc3 R1xc3 33. h5
Rxf3 34. hxg6 Rd8+ 35. Ke2 Rf2+ 36. Ke1 fxg6 37. Ng3 Rb2 0-1

[Event "Politiken Cup 2007"]
[Site "Helsingor"]
[Date "2007.07.24"]
[Round "5.98"]
[White "Thomassen, Thomas"]
[Black "Pijlman, Rene"]
[Result "1-0"]
[WhiteElo "2047"]
[BlackElo "1854"]
[PlyCount "83"]
[EventDate "2007.??.??"]

1. Nf3 c5 2. c4 g6 3. g3 Nc6 4. Bg2 Bg7 5. O-O d6 6. Nc3 Nf6 7. d4 cxd4 8. Nxd4
Nxd4 9. Qxd4 O-O 10. Rd1 Qa5 11. Qd3 Bf5 12. e4 Be6 13. Bd2 Rfc8 14. b3 Rab8
15. Rac1 Qa3 16. Nb5 Qa6 17. a4 Bd7 18. a5 Bc6 19. b4 b6 20. Nd4 Ba8 21. b5 Qb7
22. Nc6 Rxc6 23. e5 dxe5 24. Bxc6 Qc7 25. Bxa8 Rxa8 26. axb6 axb6 27. Bb4 e4
28. Qe3 Ra2 29. h3 Nd7 30. Qxe4 Nc5 31. Bxc5 bxc5 32. Qc6 Qe5 33. Rd8+ Bf8 34.
Qe8 Qg7 35. Qxe7 Rd2 36. Qe8 Rxd8 37. Qxd8 Qe5 38. b6 Kg7 39. Rd1 Be7 40. Qd5
Qe2 41. b7 Qb2 42. Qe4 1-0

[Event "Politiken Cup 2007"]
[Site "Helsingor"]
[Date "2007.07.24"]
[Round "5.99"]
[White "Kokholm, Daniel"]
[Black "Meier, Lars"]
[Result "1-0"]
[WhiteElo "2000"]
[BlackElo "1744"]
[PlyCount "37"]
[EventDate "2007.??.??"]

1. e4 d5 2. d4 dxe4 3. Nc3 Nf6 4. f3 exf3 5. Nxf3 Bg4 6. h3 Bh5 7. g4 Bg6 8.
Ne5 Nbd7 9. Qf3 c6 10. Bc4 e6 11. Nxg6 hxg6 12. Rf1 Qe7 13. Bf4 Nd5 14. Bh2
Nxc3 15. bxc3 Qf6 16. Qe2 Qh4+ 17. Rf2 O-O-O 18. Qf3 Qxh3 19. Qxc6+ 1-0

[Event "Politiken Cup 2007"]
[Site "Helsingor"]
[Date "2007.07.24"]
[Round "5.100"]
[White "Svanholm, Børge Waaktaar"]
[Black "Mæchel, Michael"]
[Result "1-0"]
[WhiteElo "1977"]
[BlackElo "1605"]
[PlyCount "111"]
[EventDate "2007.??.??"]

1. c4 Nf6 2. Nc3 e6 3. Nf3 d5 4. d4 Bb4 5. Bg5 O-O 6. e3 Nbd7 7. Qc2 c6 8. Bd3
h6 9. Bh4 Be7 10. O-O dxc4 11. Bxc4 Nd5 12. Bg3 N7f6 13. a3 Nxc3 14. Qxc3 Ne4
15. Qc2 Nxg3 16. hxg3 Bf6 17. Rfd1 b5 18. Be2 Bb7 19. Rac1 Qb6 20. Ne1 Rfd8 21.
Nd3 Rac8 22. Bf3 a5 23. Nc5 Ba8 24. b4 a4 25. Bg4 Qa7 26. Rd2 Qe7 27. Rcd1 g6
28. Nd3 Rc7 29. f4 Bb7 30. Bf3 Bc8 31. Kf2 Bd7 32. Rc1 Be8 33. Qd1 Qd7 34. Nc5
Qc8 35. Qc2 Bg7 36. Bg4 h5 37. Be2 f5 38. Nd3 Rd6 39. Ne1 Qd8 40. Nf3 Bf6 41.
Bxb5 h4 42. Bc4 hxg3+ 43. Kxg3 Rh7 44. Kf2 g5 45. fxg5 Bxg5 46. Qxf5 Bh4+ 47.
Ke2 Rg7 48. Bxe6+ Rxe6 49. Qxe6+ Bf7 50. Qh3 Bh5 51. Rh1 Qd5 52. Rc2 Qe4 53.
Rc5 Re7 54. Rc3 Qxd4 55. Qc8+ Re8 56. Qxe8+ 1-0

[Event "Politiken Cup 2007"]
[Site "Helsingor"]
[Date "2007.07.24"]
[Round "5.101"]
[White "Eiholt, Bjarne"]
[Black "Danielsson, Robert"]
[Result "0-1"]
[WhiteElo "1647"]
[BlackElo "1973"]
[PlyCount "96"]
[EventDate "2007.??.??"]

1. d4 Nf6 2. c4 g6 3. Nc3 d5 4. Bf4 Bg7 5. Nf3 O-O 6. e3 c5 7. dxc5 Qa5 8. Qb3
dxc4 9. Bxc4 Qxc5 10. O-O Nc6 11. Rac1 Qh5 12. Qb5 Bg4 13. Be2 Qxb5 14. Nxb5
Nd5 15. Bg3 Bxb2 16. Rc2 Bf6 17. h3 Bf5 18. Rd2 Nc3 19. Nxc3 Bxc3 20. Rdd1 Rfd8
21. Bc4 Na5 22. Bd5 e6 23. e4 exd5 24. exf5 gxf5 25. Nh4 Rd7 26. Nxf5 Bf6 27.
Rfe1 Nc4 28. Nh6+ Kf8 29. Ng4 Bc3 30. Re2 b5 31. Rd3 Bg7 32. Bh4 d4 33. Nf6 Rd6
34. Nxh7+ Kg8 35. Ng5 a5 36. Nf3 b4 37. g4 Rd7 38. Rc2 Na3 39. Rc5 Nb1 40. Nd2
Nxd2 41. Rxd2 d3 42. Bg5 Bc3 43. Rd1 d2 44. h4 a4 45. h5 Rb8 46. Bh6 b3 47.
axb3 axb3 48. Rxc3 b2 0-1

[Event "Politiken Cup 2007"]
[Site "Helsingor"]
[Date "2007.07.24"]
[Round "5.102"]
[White "Frank-Nielsen, Marie"]
[Black "Svane, Rasmus"]
[Result "1-0"]
[WhiteElo "1967"]
[BlackElo "1617"]
[PlyCount "99"]
[EventDate "2007.??.??"]

1. e4 c5 2. c3 Nf6 3. e5 Nd5 4. d4 cxd4 5. cxd4 d6 6. exd6 e6 7. Nf3 Bxd6 8.
Nc3 Nxc3 9. bxc3 Qc7 10. Bd2 O-O 11. Bd3 Nd7 12. O-O b6 13. h3 Bb7 14. Ng5 Nf6
15. Qc2 h6 16. Ne4 Nxe4 17. Bxe4 Rfd8 18. Rac1 Ba3 19. Rb1 Rac8 20. f4 Rxd4 21.
Bxb7 Qxb7 22. f5 Bc5 23. Kh1 Rh4 24. Rf3 Qe4 25. Qb3 Qa4 26. fxe6 Qxb3 27. axb3
fxe6 28. b4 Bf8 29. Re3 Re8 30. g4 Be7 31. Be1 Kf7 32. Rd1 Rd8 33. Rxd8 Bxd8
34. Rd3 Kg6 35. Kg2 Bf6 36. Rd6 Kg5 37. Bd2+ Kg6 38. Rxe6 Kf7 39. Rc6 h5 40.
Be1 hxg4 41. Bxh4 Bxh4 42. hxg4 Be1 43. b5 Bd2 44. Kf3 Kf8 45. Ke4 Kf7 46. c4
Bb4 47. Rc7+ Kf6 48. Rxa7 Bc5 49. Rc7 g6 50. Rxc5 1-0

[Event "Politiken Cup 2007"]
[Site "Helsingor"]
[Date "2007.07.24"]
[Round "5.103"]
[White "Rasmussen, Morten"]
[Black "Christensen, Christoffer E"]
[Result "1-0"]
[WhiteElo "1958"]
[BlackElo "1581"]
[PlyCount "125"]
[EventDate "2007.??.??"]

1. d4 e6 2. c4 d5 3. Nf3 Nf6 4. g3 c6 5. Qc2 Nbd7 6. Bg2 Bd6 7. O-O O-O 8. b3
Re8 9. Bb2 e5 10. dxe5 Nxe5 11. Rd1 Bg4 12. Nbd2 Ned7 13. Re1 Qc7 14. Rac1 Rac8
15. Nf1 Bc5 16. Nd4 dxc4 17. Qxc4 Qb6 18. e3 Bb4 19. Bc3 Ba3 20. Rb1 Ne5 21.
Qa4 Bf8 22. h3 Bh5 23. g4 Bg6 24. Rbd1 h6 25. Ng3 Red8 26. Ba5 Qc5 27. b4 Qe7
28. Ndf5 Qe6 29. Bxd8 b5 30. Qxa7 Bxb4 31. Re2 Qc4 32. Qd4 Bxf5 33. Qxc4 Nxc4
34. Nxf5 Kf8 35. Bxf6 gxf6 36. Nxh6 Na3 37. Nf5 c5 38. h4 c4 39. Nd4 c3 40. Be4
Bc5 41. Nc2 Nc4 42. Ree1 Nd2 43. f3 Rc7 44. Kf2 Ra7 45. Bd5 Rd7 46. Bb3 Ra7 47.
Rxd2 cxd2 48. Rd1 Rd7 49. Ke2 Kg7 50. Rxd2 Rc7 51. Nd4 b4 52. Rc2 Kg6 53. Bd5
Kg7 54. Nb3 Bb6 55. Rxc7 Bxc7 56. Kd3 Bg3 57. h5 Bd6 58. Kc4 Kh6 59. Nc5 f5 60.
Bxf7 fxg4 61. fxg4 Kg5 62. Be6 Kh4 63. Kxb4 1-0

[Event "Politiken Cup 2007"]
[Site "Helsingor"]
[Date "2007.07.24"]
[Round "5.105"]
[White "Christensen, Simon Ellegaard"]
[Black "Svendsen, Peter"]
[Result "1-0"]
[WhiteElo "1508"]
[BlackElo "2015"]
[PlyCount "54"]
[EventDate "2007.??.??"]

1. d4 g6 2. e4 d6 3. Nc3 Bg7 4. Be3 Nf6 5. f3 a6 6. Qd2 Nc6 7. O-O-O b5 8. g4
e5 9. Nge2 O-O 10. h4 exd4 11. Nxd4 Ne5 12. Bg2 Nc4 13. Qd3 Nxe3 14. Qxe3 Bd7
15. h5 c5 16. Nde2 b4 17. Nb1 Qa5 18. Rxd6 Be6 19. hxg6 hxg6 20. e5 Nd5 21. Qg5
Rae8 22. f4 Ne3 23. Bc6 Nc4 24. Qh4 f5 25. exf6 Rxf6 26. Bxe8 Nxd6 27. a4 Rf8
1-0

[Event "Politiken Cup 2007"]
[Site "Helsingor"]
[Date "2007.07.24"]
[Round "5.106"]
[White "Preuss, Flemming"]
[Black "Christiansen, Torsten Sundgaard"]
[Result "1-0"]
[WhiteElo "2013"]
[BlackElo "1658"]
[PlyCount "35"]
[EventDate "2007.??.??"]

1. f4 d5 2. Nf3 Nc6 3. d4 f5 4. e3 Nf6 5. c4 e6 6. a3 Be7 7. Nc3 a6 8. Ne5 O-O
9. Nxc6 bxc6 10. c5 Ne4 11. Nxe4 fxe4 12. g3 Qe8 13. Be2 Rf6 14. Bd2 Rh6 15.
Ba5 Ra7 16. Kd2 Bd7 17. Qb3 Rb7 18. Qxb7 1-0

[Event "Politiken Cup 2007"]
[Site "Helsingor"]
[Date "2007.07.24"]
[Round "5.107"]
[White "Werner, Gert"]
[Black "Rostgaard, Tobias Valentin"]
[Result "0-1"]
[WhiteElo "2003"]
[BlackElo "1656"]
[PlyCount "98"]
[EventDate "2007.??.??"]

1. Nf3 g6 2. g3 Bg7 3. d4 d6 4. Bg2 Nc6 5. O-O e5 6. dxe5 Nxe5 7. Nxe5 Bxe5 8.
Nd2 Ne7 9. Nf3 Bg7 10. c3 Nc6 11. Bg5 f6 12. Bf4 Ne5 13. Nd4 c6 14. Qb3 Qc7 15.
Rfd1 Ke7 16. h3 Qb6 17. Kh2 Qxb3 18. axb3 Be6 19. Ra5 h5 20. Rda1 a6 21. Bxe5
fxe5 22. Nxe6 Kxe6 23. b4 Rad8 24. c4 Rhf8 25. Kg1 h4 26. g4 Rf4 27. e4 Rdf8
28. f3 Bf6 29. b5 Bd8 30. R5a4 Bb6+ 31. Kh1 axb5 32. cxb5 Bd4 33. Rb1 cxb5 34.
Rb4 Rc8 35. Rxb5 b6 36. Rb4 Rc2 37. b3 Rf8 38. Rc4 Rc8 39. Rxc8 Rxc8 40. Bf1
Rc2 41. Bc4+ Kf6 42. Re1 Kg5 43. Re2 Rc1+ 44. Kg2 Kf4 45. Ra2 Rg1+ 46. Kh2 Kxf3
47. Re2 Rc1 48. Ra2 Bg1+ 49. Kh1 Be3+ 0-1

[Event "Politiken Cup 2007"]
[Site "Helsingor"]
[Date "2007.07.24"]
[Round "5.108"]
[White "Green, Per"]
[Black "Madsen, Tobias Juul"]
[Result "1-0"]
[WhiteElo "1997"]
[BlackElo "1651"]
[PlyCount "55"]
[EventDate "2007.??.??"]

1. Nf3 Nf6 2. c4 d6 3. d4 g6 4. Nc3 Bg7 5. e4 O-O 6. Be2 Nbd7 7. O-O c5 8. Re1
cxd4 9. Nxd4 Nc5 10. Bf3 a6 11. b4 Ncd7 12. Be3 Rb8 13. Rc1 Kh8 14. a3 Ne5 15.
Be2 Bd7 16. f3 Rc8 17. Qb3 Qb6 18. Nf5 Qd8 19. Nxg7 Kxg7 20. Nd5 Qe8 21. Nxf6
exf6 22. Bd4 Be6 23. f4 Nc6 24. Ba1 Qe7 25. Qg3 Kh8 26. c5 dxc5 27. Rxc5 a5 28.
Qc3 1-0

[Event "Politiken Cup 2007"]
[Site "Helsingor"]
[Date "2007.07.24"]
[Round "5.109"]
[White "Moustgaard, Alvin"]
[Black "Lynge, Torben"]
[Result "1-0"]
[WhiteElo "1607"]
[BlackElo "1920"]
[PlyCount "201"]
[EventDate "2007.??.??"]

1. e4 c6 2. d4 d5 3. Nc3 dxe4 4. Nxe4 Bf5 5. Ng3 Bg6 6. Bc4 e6 7. Nf3 Nd7 8.
O-O Ngf6 9. Bg5 Be7 10. Re1 O-O 11. Nh4 Nb6 12. Nxg6 hxg6 13. Bb3 Qc7 14. Bxf6
Bxf6 15. Qg4 Nd5 16. Rad1 b5 17. Ne4 Be7 18. Ng5 Qf4 19. Qxf4 Nxf4 20. Nf3 Rfd8
21. Ne5 Rac8 22. g3 Nd5 23. c3 a5 24. Kg2 a4 25. Bxd5 Rxd5 26. a3 Bf6 27. Nd3
Rcd8 28. Nb4 R5d6 29. Na6 e5 30. Nb4 exd4 31. cxd4 Bxd4 32. Rxd4 Rxd4 33. Nxc6
Rd1 34. Re5 R8d2 35. Re8+ Kh7 36. Ne5 Rd8 37. Re7 f6 38. Ng4 Kg8 39. Rb7 R1d5
40. Kf3 f5 41. Ne3 Rc5 42. Ke2 Re8 43. Kf3 Kf8 44. h4 Re7 45. Rb6 Kf7 46. Ng2
Re6 47. Rb7+ Kf6 48. Nf4 Rd6 49. Ke3 Re5+ 50. Kf3 Rd2 51. Rb6+ Kf7 52. Rb7+ Kg8
53. Rb8+ Kh7 54. Nh3 g5 55. Nxg5+ Kg6 56. Rb6+ Kh5 57. Nh3 g6 58. Nf4+ Kh6 59.
Nxg6 Rc5 60. Nf4+ Kh7 61. Rb7+ Kg8 62. h5 Rxb2 63. h6 Rc6 64. Rg7+ Kh8 65. Ng6+
Rxg6 66. Rxg6 Rb3+ 67. Kf4 Rxa3 68. Kg5 Rc3 69. Rf6 Rc8 70. Ra6 Rb8 71. Kxf5
Rf8+ 72. Kg6 Rb8 73. g4 b4 74. Rxa4 b3 75. Ra1 Rb6+ 76. Kh5 Kh7 77. g5 Rb5 78.
Rb1 Rb4 79. Rb2 Rb5 80. f4 Kg8 81. f5 Rxf5 82. Rxb3 Rf8 83. Rb7 Ra8 84. g6 Ra5+
85. Kg4 Ra8 86. Kf5 Ra5+ 87. Ke4 Ra8 88. Kd5 Ra5+ 89. Kc6 Ra6+ 90. Rb6 Ra8 91.
Kd6 Rd8+ 92. Ke7 Ra8 93. Rd6 Ra7+ 94. Rd7 Ra8 95. Rd8+ Rxd8 96. Kxd8 Kf8 97.
Kd7 Kg8 98. Ke6 Kh8 99. Kf6 Kg8 100. g7 Kh7 101. Kf7 1-0

[Event "Politiken Cup 2007"]
[Site "Helsingor"]
[Date "2007.07.24"]
[Round "5.110"]
[White "Clausen, Jørgen"]
[Black "Fjellengen, Baard"]
[Result "0-1"]
[WhiteElo "1543"]
[BlackElo "1899"]
[PlyCount "100"]
[EventDate "2007.??.??"]

1. d4 d5 2. c4 e6 3. Nc3 Nf6 4. Bf4 Bb4 5. e3 O-O 6. a3 Bxc3+ 7. bxc3 b6 8. Bd3
Bb7 9. Nf3 Nbd7 10. a4 dxc4 11. Bxc4 c5 12. Rb1 Qc8 13. Bd3 cxd4 14. cxd4 Qc3+
15. Qd2 Rac8 16. Rg1 Be4 17. Bxe4 Nxe4 18. Qxc3 Rxc3 19. Nd2 Ndf6 20. Nxe4 Nxe4
21. f3 Nf6 22. Kd2 Rfc8 23. Rgc1 Rxc1 24. Rxc1 Rxc1 25. Kxc1 Nd5 26. Kc2 Nxf4
27. exf4 Kf8 28. Kb3 Ke7 29. Kb4 a6 30. Kc4 Kd6 31. g3 g6 32. g4 f5 33. h3 b5+
34. axb5 axb5+ 35. Kxb5 Kd5 36. Kb6 Kxd4 37. Kc6 e5 38. gxf5 gxf5 39. fxe5 Kxe5
40. Kd7 f4 41. Ke7 Kd4 42. Kf7 Ke3 43. h4 Kxf3 44. h5 Kg4 45. h6 f3 46. Kg7 f2
47. Kxh7 f1=Q 48. Kg7 Qa1+ 49. Kg8 Kg5 50. h7 Kg6 0-1

[Event "Politiken Cup 2007"]
[Site "Helsingor"]
[Date "2007.07.24"]
[Round "5.111"]
[White "Hernandez Castro, Julio Cesar"]
[Black "Baldursson, Gestur"]
[Result "1-0"]
[WhiteElo "1898"]
[BlackElo "1625"]
[PlyCount "89"]
[EventDate "2007.??.??"]

1. c4 e5 2. g3 d6 3. Bg2 Nf6 4. Nc3 Nbd7 5. e4 Nc5 6. d3 Be7 7. b4 Ne6 8. Nge2
O-O 9. O-O b6 10. h3 c5 11. a3 Nd4 12. Bg5 h6 13. Bxf6 Bxf6 14. Nd5 Be6 15.
Nec3 a5 16. b5 Ra7 17. a4 Rb7 18. Ra2 Be7 19. f4 f6 20. f5 Bf7 21. Bf3 Qe8 22.
Rg2 Bd8 23. Kf2 Kh8 24. g4 Rg8 25. h4 Ra7 26. Rh1 Rb7 27. Qc1 Kh7 28. g5 Bh5
29. g6+ Kh8 30. Bxh5 Qf8 31. Bd1 Ra7 32. Ne3 Rb7 33. Ncd5 Ra7 34. Ng4 Rb7 35.
Nde3 Ra7 36. Nh2 Rb7 37. Neg4 Ra7 38. h5 Qe7 39. Nxh6 Qf8 40. Nxg8 Qxg8 41. Ng4
Qf8 42. h6 Kg8 43. Rgh2 Nxf5 44. exf5 d5 45. hxg7 1-0

[Event "Politiken Cup 2007"]
[Site "Helsingor"]
[Date "2007.07.24"]
[Round "5.112"]
[White "Sigurdsson, Pall"]
[Black "van Veelen, Jouke"]
[Result "1/2-1/2"]
[WhiteElo "1893"]
[BlackElo "1565"]
[PlyCount "96"]
[EventDate "2007.??.??"]

1. e4 c6 2. d4 d5 3. exd5 cxd5 4. c4 Nf6 5. Nc3 dxc4 6. Bxc4 e6 7. Nf3 Bb4 8.
O-O O-O 9. Bg5 Nbd7 10. a3 Bxc3 11. bxc3 Qc7 12. Qd3 b6 13. Rac1 Bb7 14. Ba2 e5
15. Nd2 Qc6 16. f3 e4 17. fxe4 Nxe4 18. d5 Qc5+ 19. Be3 Qxa3 20. Nxe4 Qxa2 21.
Ng5 g6 22. c4 Nc5 23. Qc3 Qb3 24. Bxc5 Qxc3 25. Rxc3 bxc5 26. Rf6 Kg7 27. Rcf3
Bc8 28. Rxf7+ Rxf7 29. Rxf7+ Kg8 30. Rxh7 a5 31. Re7 a4 32. Ne4 Ba6 33. d6 a3
34. Nc3 Bxc4 35. d7 Kf8 36. Re5 a2 37. Nxa2 Bxa2 38. Rxc5 Rd8 39. h4 Bf7 40. g4
Rxd7 41. h5 gxh5 42. gxh5 Kg7 43. Kf2 Rd3 44. Rf5 Bc4 45. Rc5 Bf7 46. Rf5 Rh3
47. Kg2 Rxh5 48. Rxh5 Bxh5 1/2-1/2

[Event "Politiken Cup 2007"]
[Site "Helsingor"]
[Date "2007.07.24"]
[Round "5.113"]
[White "Christensen, Casper"]
[Black "Tudvad, Mads"]
[Result "1-0"]
[WhiteElo "1524"]
[BlackElo "1873"]
[PlyCount "37"]
[EventDate "2007.??.??"]

1. d4 Nf6 2. Bf4 e6 3. e3 c5 4. c3 Qb6 5. Qb3 Nd5 6. Bg3 Nc6 7. Nf3 cxd4 8.
exd4 Qxb3 9. axb3 f5 10. h3 b6 11. Bc4 Nf6 12. Nbd2 Bb7 13. O-O Be7 14. Rfe1
O-O 15. b4 d5 16. Rxe6 Bxb4 17. Bb3 Be7 18. Rae1 b5 19. Ne5 1-0

[Event "Politiken Cup 2007"]
[Site "Helsingor"]
[Date "2007.07.24"]
[Round "5.114"]
[White "Cromsight, Jeroen"]
[Black "Hlynsson, Hugi"]
[Result "1-0"]
[WhiteElo "1872"]
[BlackElo "1560"]
[PlyCount "75"]
[EventDate "2007.??.??"]

1. e4 c5 2. d4 cxd4 3. c3 d3 4. c4 Nc6 5. Bxd3 e6 6. Nc3 d6 7. Be3 Nf6 8. Be2
Be7 9. f4 O-O 10. g4 e5 11. f5 g6 12. fxg6 fxg6 13. g5 Nd7 14. h4 Nc5 15. Qd2
b6 16. Qd5+ Rf7 17. Qxc6 Bb7 18. Qb5 Nxe4 19. Nxe4 Bxe4 20. Rh2 Qc7 21. Qb3 Rd8
22. c5 bxc5 23. Rf2 Bf8 24. Rxf7 Qxf7 25. Qxf7+ Kxf7 26. O-O-O Ke6 27. Nh3 Be7
28. Nf2 Bd5 29. Bg4+ Kf7 30. Rxd5 Rb8 31. a3 Rb3 32. Rd3 Rb6 33. Kc2 Bd8 34.
Ne4 Be7 35. Bd2 Kg7 36. Be6 Rc6 37. Bd5 Rb6 38. Rf3 1-0

[Event "Politiken Cup 2007"]
[Site "Helsingor"]
[Date "2007.07.24"]
[Round "5.115"]
[White "Hinman, Chris"]
[Black "Oskarsson, Aron Ingi"]
[Result "0-1"]
[WhiteElo "1478"]
[BlackElo "1871"]
[PlyCount "72"]
[EventDate "2007.??.??"]

1. c4 c6 2. g3 d5 3. Bg2 e6 4. cxd5 exd5 5. Nf3 Bd6 6. Qc2 Nf6 7. d4 Bg4 8. h3
Bh5 9. O-O O-O 10. Nbd2 Re8 11. Re1 Nbd7 12. e3 Qc7 13. Nf1 Bg6 14. Qd1 Ne4 15.
Re2 f5 16. Qe1 Ndf6 17. N1d2 Bh5 18. Nxe4 Nxe4 19. Rc2 Rad8 20. b4 Qe7 21. a3
Ng5 22. Nh2 Qf7 23. Raa2 f4 24. g4 Bg6 25. Rc3 f3 26. Bh1 Nxh3+ 27. Kf1 Bxh2
28. e4 Bxe4 29. Be3 Qg6 30. Qc1 Qxg4 31. Ke1 Nf4 32. Rb3 Nd3+ 33. Rxd3 Bxd3 34.
Kd2 Bc4 35. Kc3 Bxa2 36. Qd1 Rf8 0-1

[Event "Politiken Cup 2007"]
[Site "Helsingor"]
[Date "2007.07.24"]
[Round "5.116"]
[White "Minguez Greciano, Iluminada"]
[Black "Suntharalingam, Jathavan"]
[Result "0-1"]
[WhiteElo "1861"]
[BlackElo "1540"]
[PlyCount "118"]
[EventDate "2007.??.??"]

1. c4 c6 2. e4 e5 3. Nc3 Nf6 4. g3 Bb4 5. Nge2 d6 6. Bg2 Be6 7. d3 O-O 8. O-O
Qd7 9. a3 Ba5 10. Bg5 Bd8 11. b3 c5 12. Rb1 Nc6 13. b4 b6 14. Qd2 Nd4 15. Nxd4
cxd4 16. Ne2 Qa4 17. Bxf6 Bxf6 18. Qb2 Bg4 19. f3 Bh5 20. h4 Bg6 21. Bh3 Be7
22. Rf2 f5 23. h5 Bxh5 24. Bxf5 h6 25. Rbf1 Bg5 26. Rh2 Be3+ 27. Kg2 Bf7 28.
Bg4 Rfe8 29. f4 Be6 30. f5 Bd7 31. Bh5 Rf8 32. Ng1 Be8 33. Be2 b5 34. Nf3 Bf7
35. c5 Rac8 36. Bd1 Qa6 37. Bb3 Bxb3 38. Qxb3+ Kh7 39. g4 Bf4 40. Rh3 dxc5 41.
bxc5 Rxc5 42. Nxd4 exd4 43. Rxf4 Rc3 44. Qb4 Rfc8 45. f6 Qxa3 46. Qxa3 Rxa3 47.
f7 Rf8 48. e5 Ra6 49. Rhf3 Kg6 50. Rxd4 Rxf7 51. Rxf7 Kxf7 52. Rd5 b4 53. Rb5
Rb6 54. Ra5 b3 55. Rxa7+ Ke6 56. Ra1 b2 57. Rb1 Kxe5 58. Kf3 Kd4 59. Ke2 Kc3
0-1

[Event "Politiken Cup 2007"]
[Site "Helsingor"]
[Date "2007.07.24"]
[Round "5.117"]
[White "Vaarala, Eric"]
[Black "Nielsen, Poul Bang"]
[Result "1-0"]
[WhiteElo "1813"]
[BlackElo "1506"]
[PlyCount "93"]
[EventDate "2007.??.??"]

1. d4 f5 2. Bg5 g6 3. e3 Bg7 4. Bd3 Nf6 5. Ne2 O-O 6. Nbc3 d5 7. b3 c6 8. Qd2
Ne4 9. Bxe4 dxe4 10. Rd1 h6 11. Bh4 Qe8 12. Bg3 Nd7 13. d5 e5 14. dxe6 Qxe6 15.
Nb1 g5 16. Qd6 Qe8 17. h4 Rf6 18. Qb4 Nb6 19. hxg5 hxg5 20. c4 Be6 21. Be5 Rh6
22. Rxh6 Bxh6 23. Bc7 Qf7 24. Rd8+ Rxd8 25. Bxd8 Bf8 26. Qa5 Qh7 27. Qe5 Bf7
28. Ng3 f4 29. Qxg5+ Bg6 30. exf4 Bb4+ 31. Ke2 Kf8 32. f5 Qd7 33. Qh6+ Ke8 34.
Qxg6+ Kxd8 35. Qg5+ Kc8 36. Nxe4 Qd4 37. Nbd2 Nd7 38. Qe3 Qe5 39. f6 Qh5+ 40.
Nf3 b6 41. Qg5 Qh1 42. Qg8+ Kc7 43. Qg3+ Kc8 44. Nd6+ Kd8 45. f7 Qa1 46. Qg8+
Kc7 47. Qc8+ 1-0

[Event "Politiken Cup 2007"]
[Site "Helsingor"]
[Date "2007.07.24"]
[Round "5.118"]
[White "Pallesen, Jørn"]
[Black "Thorsteinsdottir, Hallgerdur"]
[Result "1/2-1/2"]
[WhiteElo "1462"]
[BlackElo "1808"]
[PlyCount "85"]
[EventDate "2007.??.??"]

1. e4 c6 2. Nf3 d5 3. Nc3 Bg4 4. h3 Bh5 5. Be2 e6 6. d3 d4 7. Nxd4 Bxe2 8.
Ndxe2 Nd7 9. O-O g6 10. f4 Ne7 11. e5 Qb6+ 12. Kh2 h5 13. Ne4 Nf5 14. Rf3 Nh4
15. Rf1 Be7 16. g3 Nf5 17. Rf3 Nc5 18. N2c3 O-O-O 19. a4 a5 20. Nd2 Na6 21. Nc4
Qc7 22. Ne4 Nc5 23. Nxc5 Bxc5 24. Bd2 b6 25. Be3 Bxe3 26. Nxe3 Nd4 27. Rf2 c5
28. Nc4 Nf5 29. Ra3 Kd7 30. Rb3 Rb8 31. c3 Qc6 32. Rb5 Rb7 33. Qf3 Qxf3 34.
Rxf3 Kc6 35. b4 cxb4 36. cxb4 Nd4 37. Rf1 Nxb5 38. axb5+ Kd7 39. Nd6 Rc7 40.
bxa5 bxa5 41. b6 Rc2+ 42. Kg1 Rb2 43. b7 1/2-1/2

[Event "Politiken Cup 2007"]
[Site "Helsingor"]
[Date "2007.07.24"]
[Round "5.119"]
[White "Gasenova, Ulker"]
[Black "Melkeraaen, Terje"]
[Result "0-1"]
[WhiteElo "1400"]
[BlackElo "1801"]
[PlyCount "72"]
[EventDate "2007.??.??"]

1. e4 e6 2. d4 d5 3. Nc3 Bb4 4. Nge2 dxe4 5. Bd2 Nf6 6. a3 Be7 7. Bg5 Nc6 8.
Bxf6 Bxf6 9. Nxe4 Bxd4 10. Nxd4 Qxd4 11. Qxd4 Nxd4 12. O-O-O Nc6 13. Bb5 Bd7
14. Nc5 O-O-O 15. Rd2 Ne5 16. Bxd7+ Nxd7 17. Ne4 h6 18. Rhd1 Ne5 19. f4 Nc4 20.
Rd3 Rxd3 21. Rxd3 Rd8 22. Rxd8+ Kxd8 23. g3 Ke7 24. Nc5 b6 25. Nd3 Kf6 26. Kd1
Ne3+ 27. Ke2 Nxc2 28. Kf3 c5 29. Ne5 Nd4+ 30. Ke4 Ke7 31. Kd3 f6 32. Nc4 Nc6
33. Ke3 b5 34. Nd2 Na5 35. b3 Kd6 36. Kd3 Nxb3 0-1